000 00615nam a22001937a 4500
999 _c181183
_d181183
005 20210903164631.0
010 _aB-741381
020 _a9788185273976
_c140.00
035 _aB-741381
037 _bGift
082 _a133.5
100 _aRaman, B.V.
245 _aHindu astrology and the west /
_cby B.V. Raman
260 _aNew Delhi
_bUBS Publishers' Distributors
_c2014
270 _a5 Ansari Road, Daryaganj,
_bDelhi
_e110002
300 _axvi, 304p.
_c18cm(pbk)
942 _2ddc
_cEN
_mRAM
_h133.5